LIBRARY & INFORMATION CENTRE, KCAET, TAVANUR

ONLINE PUBLIC ACCESS CATALOGUE (OPAC)

Finite element method (Record no. 13079)

MARC details
000 -LEADER
fixed length control field 00401cam a2200169ua 4500
041 ## - LANGUAGE CODE
Language code of text/sound track or separate title eng
082 ## - DEWEY DECIMAL CLASSIFICATION NUMBER
Classification number 621.001
Item number ZIE/FI
100 ## - MAIN ENTRY--AUTHOR NAME
Personal name Zienkiewicz, O.C .
245 ## - TITLE STATEMENT
Title Finite element method
250 ## - EDITION STATEMENT
Edition statement 3 /
260 ## - PUBLICATION, DISTRIBUTION, ETC. (IMPRINT)
Place of publication New Delhi :
Name of publisher Tata Mc-Graw Hill Publishing Company ,
Year of publication 1979.
300 ## - PHYSICAL DESCRIPTION
Number of Pages 787 ;
Accompanying material `.
942 ## - ADDED ENTRY ELEMENTS (KOHA)
Koha item type Books
Holdings
Withdrawn status Lost status Damaged status Home library Current library Date acquired Full call number Accession Number Koha item type
      KAUAET KAUAET 07/04/2012 621.001 ZIE/FI 21515 Books
      KAUAET KAUAET 07/04/2012 621.001 ZIE/FI 21399 Books
free website counter